00828 2200253 4500001002100000005001700021008004100038020002200079035002500101040001200126082001100138084001700149100001900166245014400185260004700329300004500376500003100421650002500452700002900477700002000506850001200526990001800538990001800556INLIS00000000001611420160112114209.0  a978-1-107-62825-0 a0010-011600000000205 aYOPDYOG a577.68 a577.68 Sco C aSCOTT, David B aCoastal wetlands of the worldb: geology, ecology, distribution and applicationsc/ David B. Scott, Jennifer Frail-Gauthier, Petra J. Mudie aNew YorkbCambridge University Pressc2014 axiv, 351 hlm.b: ilus.c; 25 cm [2 eks.] aBibliografi : hlm. 302-338 aEkologi tanah kering aFrail-Gauthier, Jennifer aMudie, Petra J. aYOPDYOG a22214-PD/B.15 a22215-PD/B.15